000 01207nam a22003735a 4500
001 002704
003 armpunfd
005 20140612090713.0
008 131009s2007####xx############000#0#und#d
040 _aarmpunfd
_carmpunfd
080 _a347.9 P 773
245 1 0 _aXxiv congreso nacional de derecho procesal :
_bPor un Sistema judicial eficaz en el marco constitucional en Homenaje al Prof Lino Enrique Palacio.
260 _c2007.
300 _a1071 p.
650 7 _aAccion Revocatoria
_2LEMB
650 7 _aAmparo Colectivo
_2LEMB
650 7 _aCosa Juzgada
_2LEMB
650 7 _aPrincipio de Congruencia
_2LEMB
650 7 _aPrision Preventiva
_2LEMB
650 7 _aProceso Administrativo
_2LEMB
650 7 _aProceso Civil
_2LEMB
650 7 _aProceso concursal
_2LEMB
650 7 _aProceso Consitucional
_2LEMB
650 7 _aProceso Penal
_2LEMB
650 7 _aPrueba Cientifica
_2LEMB
650 7 _aSentencia Declarativa de Inconstitucionalidad
_2LEMB
650 7 _aVerificacion Concursal
_2LEMB
942 _c
_2cdu
945 _aCELESTE
_d2013-10-09
945 _aCELESTE
_d2013-10-09
945 _aCELESTE
_d2013-10-09
945 _aCELESTE
_d2013-10-09
945 _aCELESTE
_d2013-10-09
999 _c2593
_d233097